Central Library OPAC University of Rajshahi

The scientific papers of Sir Geoffrey Ingram Taylor : (Record no. 50804)

MARC details
000 -LEADER
fixed length control field 01012nam a2200241 a 4500
001 - CONTROL NUMBER
control field 50804
003 - CONTROL NUMBER IDENTIFIER
rucl marc code BD-RjUL
005 - DATE AND TIME OF LATEST TRANSACTION
control field 20211209075552.0
008 - FIXED-LENGTH DATA ELEMENTS--GENERAL INFORMATION
fixed length control field 160828s1960 enkab b 000 0 eng
035 ## - SYSTEM CONTROL NUMBER
System control number (BD-RjUL)50924
040 ## - CATALOGING SOURCE
Original cataloging agency DUP:J
Language of cataloging eng
Transcribing agency DUP:J
Modifying agency DUP:J
-- BD-RjUL
041 ## - LANGUAGE CODE
Language code of text/sound track or separate title eng
082 04 - DEWEY DECIMAL CLASSIFICATION NUMBER
Classification number 530
Edition number 23
Author mark and year TAS 1960
100 1# - MAIN ENTRY--PERSONAL NAME
Personal name Taylor, Geoffrey Ingram,
Dates associated with a name 1886-1975.
9 (RLIN) 152083
245 14 - TITLE STATEMENT
Title The scientific papers of Sir Geoffrey Ingram Taylor :
Remainder of title fellow of Trinity College, Cambridge, fellow and formerly Yarrow Research Professor of The Royal Society /
Statement of responsibility, etc. Geoffrey Ingram Taylor, edited by G.K. Batchelor.
260 ## - PUBLICATION, DISTRIBUTION, ETC. (IMPRINT)
Place of publication, distribution, etc. Cambridge, [Eng.] :
Name of publisher, distributor, etc. Cambridge University Press,
Date of publication, distribution, etc. 1958-60
300 ## - PHYSICAL DESCRIPTION
Pagination Vol. :
Illustrations ill. ;
Size 26 cm.
505 0# - FORMATTED CONTENTS NOTE
Formatted contents note Vol.1. Mechanics of Solids -- V. 2. Meteorology, oceanography, and turbulent flow --
650 #0 - SUBJECT ADDED ENTRY--TOPICAL TERM
Topical term or geographic name as entry element Mechanics
Form subdivision Collected works.
9 (RLIN) 152084
Topical term or geographic name as entry element Fluid mechanics
Form subdivision Collected works.
9 (RLIN) 152085
700 1# - ADDED ENTRY--PERSONAL NAME
Personal name Batchelor, G. K.
Fuller form of name (George Keith)
942 ## - ADDED ENTRY ELEMENTS (KOHA)
Source of classification or shelving scheme Dewey Decimal Classification
Koha item type Books
Holdings
Lost status Source of classification or shelving scheme Damaged status Not for loan Collection code Permanent Location Current Location Shelving location Date acquired Source of acquisition Cost, normal purchase price Total Checkouts Full call number Date last seen Copy number Koha item type
  Dewey Decimal Classification     Non-fiction Central Library, University of Rajshahi Central Library, University of Rajshahi   06/06/1964 Zeitlinger 75.00   530 TAS V-2 1960 28/08/2016 C-2 Books
  Dewey Decimal Classification     Non-fiction Central Library, University of Rajshahi Central Library, University of Rajshahi   06/06/1964 Zeithlinger 85.00   530 TAS V-1 1958 28/08/2016 C-2 Books